[Event "FIDE Disabilities Olym"]
[Site "Belgrade"]
[Date "2023.01.31"]
[Round "?"]
[White "Nestorovic, Vladimir"]
[Black "Shayusupov, Marsel"]
[Result "1/2-1/2"]
[WhiteElo "2171"]
[BlackElo "1580"]
[PlyCount "96"]
[EventDate "2023.01.30"]
[EventType "team-swiss"]
[EventRounds "6"]
[EventCountry "SRB"]
[SourceTitle "CBM 212 Extra"]
[Source "ChessBase"]
[SourceDate "2023.03.31"]
[SourceVersion "1"]
[SourceVersionDate "2023.03.31"]
[SourceQuality "1"]
[WhiteTeam "Croatia"]
[BlackTeam "Uzbekistan"]
[WhiteTeamCountry "CRO"]
[BlackTeamCountry "UZB"]

1. d4 Nf6 2. Nf3 e6 3. g3 d5 4. Bg2 Be7 5. 0-0 0-0 6. c4 dxc4 7. Qc2 a6 8. Qxc4 b5 9. Qc2 Bb7 10. Rd1 Be4 11. Qd2 b4 12. Ne5 Bxg2 13. Kxg2 Qd5+ 14. f3 c5 15. e4 Qxd4 16. Qxd4 cxd4 17. Rxd4 Rc8 18. Nd2 Nc6 19. Nxc6 Rxc6 20. Rc4 Rxc4 21. Nxc4 Rc8 22. b3 Nd7 23. Be3 Bf6 24. Rd1 Ne5 25. Nxe5 Bxe5 26. Kf2 h5 27. Ke2 Bb2 28. h3 Rc6 29. g4 hxg4 30. hxg4 e5 31. Rd5 Kh7 32. Rc5 Rd6 33. Bd2 Rd4 34. Rc4 Rxc4 35. bxc4 a5 36. c5 Bd4 37. Be3 a4 38. c6 b3 39. axb3 a3 40. c7 a2 41. Bxd4 exd4 42. c8Q a1Q 43. Qf5+ Kg8 44. Qc8+ Kh7 45. Qc2 Qg1 46. Qd3 Qa1 47. e5+ g6 48. f4 Qg1 1/2-1/2

[Event "FIDE Disabilities Olym"]
[Site "Belgrade"]
[Date "2023.01.30"]
[Round "?"]
[White "Shayusupov, Marsel"]
[Black "Bernardo, Darry"]
[Result "0-1"]
[WhiteElo "1580"]
[BlackElo "2070"]
[PlyCount "100"]
[EventDate "2023.01.30"]
[EventType "team-swiss"]
[EventRounds "6"]
[EventCountry "SRB"]
[SourceTitle "CBM 212 Extra"]
[Source "ChessBase"]
[SourceDate "2023.03.31"]
[SourceVersion "1"]
[SourceVersionDate "2023.03.31"]
[SourceQuality "1"]
[WhiteTeam "Uzbekistan"]
[BlackTeam "Philippines"]
[WhiteTeamCountry "UZB"]
[BlackTeamCountry "PHI"]

1. d4 d5 2. c4 c6 3. Nf3 Nf6 4. e3 e6 5. Nc3 Nbd7 6. Bd3 dxc4 7. Bxc4 b5 8. Bb3 Bb7 9. 0-0 a6 10. Re1 c5 11. d5 c4 12. dxe6 fxe6 13. Bc2 Bb4 14. Ng5 Qe7 15. f4 Rd8 16. Qe2 0-0 17. e4 e5 18. f5 Nc5 19. Bd2 h6 20. Nh3 Bxc3 21. Bxc3 Ncxe4 22. Ba5 Qc5+ 23. Kh1 Rd4 24. a3 Qc6 25. Rad1 Re8 26. Bb1 Qd7 27. Bb6 Rxd1 28. Rxd1 Qxf5 29. Kg1 Qe6 30. Be3 Qc6 31. Qf3 Qc8 32. Bxe4 Nxe4 33. Qh5 Nf6 34. Qg6 Be4 35. Qg3 Ng4 36. Nf2 Nxf2 37. Bxf2 Qc6 38. Qg4 Re6 39. Re1 Bd5 40. Bg3 Bxg2 41. Rxe5 Rf6 42. Re1 Kh7 43. Qe2 Bh3 44. Qc2+ Rg6 45. Rd1 Qc5+ 46. Qf2 Qh5 47. Rd8 Rf6 48. Qc2+ g6 49. Rd1 Qf3 50. Re1 Qf1+ 0-1